000 00787nam a2200205Ii 4500
003 JO-AjNU
008 230605s9999||||xx |||||||||||||| ||und||
040 _aJO-AjNU
_bara
_erda
_cJO-AjNU
041 _aara
050 1 4 _aLB1051 1997
100 3 _aالبيلي، محمد عبدالله، قاسم، عبدالله عبد القادر م. مشارك ، الصمادي، أحمد عبد المجيد م.مشارك,
_eauthor
_957769
245 0 0 _aعلم النفس التربوي وتطبيقاته
250 _aط1
264 3 1 _aالعين: مكتبة الفلاح، 1997
300 _a423ص
336 _atext
_btxt
_2rdacontent
337 _aunmediated
_bn
_2rdamedia
338 _avolume
_bnc
_2rdacarrier
650 4 _aعلم النفس التربوي - تطبيقات
_957770
999 _aA25907
_c29475
_d29475